Happy New Year! around the world - Statistics

General Stats
  • This quiz has been taken 35 times
  • The average score is 16 of 33
Answer Stats
Timezone Happy New Year! Language Country % Correct
UTC−10/11:00 Happy new year! English New Zealand, United States
89%
UTC +8:00 新年快乐 (Xīnnián kuàilè) Chinese China
81%
UTC +9:00 明けましておめでとうございます! (Akemashite omedetō gozaimasu) Japanese Japan
78%
UTC +6:00 С Новым Годом! (S Novym Godom) Russian Russia
74%
UTC -4:00 Bonne année! French Canada, France
70%
UTC+10:30 Happy new year! English Australia
67%
UTC +5:30 नये साल की हार्दिक शुभकामनायें (Naye sāl kī hārdik śubhkāmnayeṅ) Hindi India
67%
UTC−12:00 Happy new year! English United States
67%
UTC+14:00 Kukurei Boou Ririki! Gilbertese Kiribati
63%
UTC+13:45 Nga mihi o te tau hou! Maori New Zealand
63%
UTC -2:00 Feliz ano novo! Portuguese Brazil
56%
UTC− 9/9:30 Bonne année! French France
56%
UTC +7:00 สวัสดีปีใหม่ (Sawasdee pee maï) Thai Thailand
56%
UTC +3:30 سال نو مبارک (Sale no mobārak) Farsi Iran
52%
UTC− 6:00 ¡Próspero año nuevo! Spanish Multiple
48%
UTC +6:30 ပျော်ရွှင်ဖွယ်နှစ်သစ် (Pyawshwinhpwal nhaitsait) Burmese Myanmar
48%
UTC -3:30 Happy new year! English Canada
44%
UTC+12:00 Na tawase ni yabaki vou! Fijian Fiji
44%
UTC− 7/8:00 ¡Próspero año nuevo! Spanish Mexico
44%
UTC +5:45 न्हू दँया भिंतुना (Nhū daṁyā bhiṅtunā) Nepali Nepal
44%
UTC+13:00 Manuia le Tausaga Fou! Samoan Samoa
44%
UTC +1:00 Felice anno nuovo! Italian Italy, San Marino, Vatican City
41%
UTC+10:00 Iyer seefe feyiyeech! Chuukese Micronesia
41%
UTC -3:00 ¡Próspero año nuevo! Spanish Argentina, Chile, Uruguay
37%
UTC +4:00 حلول السنة الجديدة (Ḥilūl as-sanah al-jadīdah) Arabic Oman, United Arab Emirates
37%
UTC+11:00 Hepi Nu Yia! Tok Pisin Papua New Guinea
37%
UTC+-0:00 Bliain úr faoi shéan is faoi mhaise duit! Irish Ireland
33%
UTC +4:30 سال نو مبارک (Sâl naw mobârak) Dari Afghanistan
30%
UTC +5:00 އުފާވެރި އާ އަހަރަކަހ އުދނ (Ufaaveri aa aharakah edhen) Dhivehi Maldives
30%
UTC +2:00 Gelukkige Nuwe Jaar! Afrikaans South Africa
26%
UTC -1:00 Ukiortaami Pilluarit!/Godt Nytår! Greenlandic/Danish Denmark (Greenland)
22%
UTC +3:00 Heri ya mwaka mpya! Swahili Kenya, Tanzania, Uganda
22%
UTC -5:00 Bònn ane Haitian Creole Haiti
15%
No matching quizzes found
Score Distribution
Percent of People with Each Score
Percentile by Number Answered
Your Score History
You have not taken this quiz